Lập chương trình tính hệ số truyền nhiệt qua vách của thiết bị trao đổi nhiệt

Bewaard in:
Bibliografische gegevens
Hoofdauteur: Phan Quý Trà.
Andere auteurs: Nguyễn Bốn, TS (hướng dẫn.)
Formaat: Boek
Taal:Vietnamese
Gepubliceerd in: Đà Nẵng, 1999.
Onderwerpen:
Tags: Voeg label toe
Geen labels, Wees de eerste die dit record labelt!
Thư viện lưu trữ: Mạng thư viện Đại học Đà Nẵng
LEADER 00938cmm a2200313 a 4500
001 000044762
003 3170
005 20061229134708.0
008 010307b1999 vm 000 vie
040 |a IRC  |c IRC  |d IRC 
041 0 |a vie 
082 1 4 |a 621.4  |b PH-T 
100 1 |a Phan Quý Trà. 
245 0 0 |a Lập chương trình tính hệ số truyền nhiệt qua vách của thiết bị trao đổi nhiệt  |h [Thesis-Luận văn] /  |c Phan Quý Trà thực hiện ; Nguyễn Bốn hướng dẫn. 
260 |a Đà Nẵng,  |c 1999. 
300 |a 75Tr. ;  |c 29cm. 
630 0 4 |a Hệ số truyền nhiệt. 
650 0 4 |a Nhiệt lực  |x Lập trình. 
700 1 |a Nguyễn Bốn,  |c TS,  |e hướng dẫn. 
OWN |a DUT 
999 |a From the UDN01 
TYP |a Computer file 
TYP |a Monograph 
980 |a Mạng thư viện Đại học Đà Nẵng